<?xml version="1.0" encoding="UTF-8"?>
<collection xmlns="http://www.loc.gov/MARC21/slim">
 <record>
  <leader>01052nam a2200289 a 4500</leader>
  <controlfield tag="001">6840</controlfield>
  <controlfield tag="003">BD-DhAAL</controlfield>
  <controlfield tag="005">20150709103732.0</controlfield>
  <controlfield tag="008">150709s2003    nyua          000 0 eng d</controlfield>
  <datafield tag="010" ind1=" " ind2=" ">
   <subfield code="a">  2001032196</subfield>
  </datafield>
  <datafield tag="020" ind1=" " ind2=" ">
   <subfield code="a">9780194369305</subfield>
  </datafield>
  <datafield tag="020" ind1=" " ind2=" ">
   <subfield code="a">0194369307</subfield>
  </datafield>
  <datafield tag="040" ind1=" " ind2=" ">
   <subfield code="a">DLC</subfield>
   <subfield code="c">DLC</subfield>
   <subfield code="d">DLC</subfield>
   <subfield code="d">BD-DhAAL</subfield>
  </datafield>
  <datafield tag="082" ind1="0" ind2="0">
   <subfield code="a">428.2/4</subfield>
   <subfield code="2">22</subfield>
  </datafield>
  <datafield tag="999" ind1=" " ind2=" ">
   <subfield code="c">34997</subfield>
   <subfield code="d">34997</subfield>
  </datafield>
  <datafield tag="999" ind1=" " ind2=" ">
   <subfield code="c">0</subfield>
  </datafield>
  <datafield tag="100" ind1="1" ind2=" ">
   <subfield code="a">Soars, John,</subfield>
   <subfield code="d">1951-</subfield>
   <subfield code="9">12983</subfield>
  </datafield>
  <datafield tag="245" ind1="1" ind2="0">
   <subfield code="a">New headway:</subfield>
   <subfield code="b">advanced Student's book /</subfield>
   <subfield code="c">John and Liz Soars.</subfield>
  </datafield>
  <datafield tag="260" ind1=" " ind2=" ">
   <subfield code="a">New York :</subfield>
   <subfield code="b">Oxford University Press,</subfield>
   <subfield code="c">2003.</subfield>
  </datafield>
  <datafield tag="300" ind1=" " ind2=" ">
   <subfield code="a">160 p. :</subfield>
   <subfield code="b">ill. ;</subfield>
   <subfield code="c">27 cm.</subfield>
  </datafield>
  <datafield tag="541" ind1="1" ind2=" ">
   <subfield code="e">6840</subfield>
  </datafield>
  <datafield tag="650" ind1=" " ind2="0">
   <subfield code="a">English language</subfield>
   <subfield code="v">Textbooks for foreign speakers.</subfield>
   <subfield code="9">5579</subfield>
  </datafield>
  <datafield tag="650" ind1=" " ind2="0">
   <subfield code="a">English language</subfield>
   <subfield code="z">United States</subfield>
   <subfield code="v">Problems, exercises, etc.</subfield>
   <subfield code="9">12987</subfield>
  </datafield>
  <datafield tag="650" ind1=" " ind2="0">
   <subfield code="a">Americanisms</subfield>
   <subfield code="v">Problems, exercises, etc.</subfield>
   <subfield code="9">12988</subfield>
  </datafield>
  <datafield tag="700" ind1="1" ind2=" ">
   <subfield code="a">Soars, Liz,</subfield>
   <subfield code="d">1945-</subfield>
   <subfield code="9">12986</subfield>
  </datafield>
  <datafield tag="942" ind1=" " ind2=" ">
   <subfield code="2">ddc</subfield>
   <subfield code="c">BK</subfield>
  </datafield>
  <datafield tag="952" ind1=" " ind2=" ">
   <subfield code="0">0</subfield>
   <subfield code="1">0</subfield>
   <subfield code="2">ddc</subfield>
   <subfield code="4">0</subfield>
   <subfield code="6">428_240000000000000_SOA</subfield>
   <subfield code="7">0</subfield>
   <subfield code="9">54875</subfield>
   <subfield code="a">SCL</subfield>
   <subfield code="b">SCL</subfield>
   <subfield code="c">GEN</subfield>
   <subfield code="d">2015-07-09</subfield>
   <subfield code="e">Friednds' Book Corner</subfield>
   <subfield code="g">760.00</subfield>
   <subfield code="l">0</subfield>
   <subfield code="o">428.24 SOA</subfield>
   <subfield code="p">3020006840</subfield>
   <subfield code="r">2015-07-09</subfield>
   <subfield code="t">1</subfield>
   <subfield code="w">2015-07-09</subfield>
   <subfield code="y">BK</subfield>
  </datafield>
 </record>
</collection>
